[Event "Mecklenburg VP-chA"]
[White "Schreiber, Felix"]
[Black "Grossmann, Piet"]
[Site "Greifswald"]
[Round "7"]
[Result "0-1"]
[Date "2024.03.26"]
[WhiteElo "1983"]
[BlackElo "1932"]
[PlyCount "106"]
[EventDate "2024.03.23"]
[EventType "swiss"]
[EventRounds "7"]
[EventCountry "GER"]
[SourceTitle "CBM 219 Extra"]
[Source "ChessBase"]
[SourceDate "2024.05.31"]
[SourceVersion "1"]
[SourceVersionDate "2024.05.31"]
[SourceQuality "1"]

1. d4 c5 2. c3 Qa5 3. e3 Nf6 4. Bd3 g6 5. Nd2 d6 6. Ngf3 Bg7 7. 0-0 0-0 8. e4 cxd4 9. cxd4 Nc6 10. h3 Ne8 11. d5 Ne5 12. Nxe5 dxe5 13. Nc4 Qd8 14. Bd2 Nd6 15. Bc3 Nxc4 16. Bxc4 Bd7 17. Qb3 b5 18. Bd3 Qb6 19. Kh1 Rfb8 20. f4 exf4 21. Bxg7 Kxg7 22. Rxf4 f6 23. Raf1 Qd4 24. Qc3 Qxc3 25. bxc3 Rc8 26. e5 f5 27. c4 bxc4 28. Rxc4 Rxc4 29. Bxc4 Rc8 30. e6 Be8 31. Bb3 a5 32. Rf4 Kf6 33. a4 Rc3 34. Rf3 Rxf3 35. gxf3 f4 36. h4 h6 37. Kg2 g5 38. hxg5+ hxg5 39. Kh3 Bh5 40. Kg2 Bg6 41. Kf2 Bd3 42. Kg2 Ke5 43. Kh3 Bf5+ 44. Kg2 g4 45. fxg4 Bxg4 46. Kf2 Bf5 47. Kf3 Be4+ 48. Kg4 Bxd5 49. Bxd5 Kxd5 50. Kxf4 Kxe6 51. Ke4 Kd6 52. Kd4 Kc6 53. Kc4 e5 0-1

[Event "Mecklenburg VP Verbandsliga 2223"]
[White "Kist, Eike Andreas"]
[Black "Schreiber, Felix"]
[Site "Mecklenburg VP"]
[Round "9.1"]
[Result "1-0"]
[Date "2023.05.07"]
[WhiteElo "1697"]
[BlackElo "1987"]
[PlyCount "51"]
[EventDate "2022.10.23"]
[EventType "team-tourn"]
[EventRounds "9"]
[EventCountry "GER"]
[SourceTitle "EXT 2024"]
[Source "ChessBase"]
[SourceDate "2023.10.10"]
[SourceVersion "1"]
[SourceVersionDate "2023.10.10"]
[SourceQuality "1"]
[WhiteTeam "Think Rochade"]
[BlackTeam "Mecklenburger Springer SC"]
[WhiteTeamCountry "GER"]
[BlackTeamCountry "GER"]

1. e4 c5 2. Nf3 d6 3. d4 cxd4 4. Nxd4 Nf6 5. Nc3 a6 6. Be3 e5 7. Nb3 Be6 8. f3 Be7 9. Qd2 0-0 10. 0-0-0 a5 11. a4 Na6 12. g4 Nb4 13. Kb1 Rc8 14. g5 Ne8 15. f4 exf4 16. Bxf4 d5 17. exd5 Bf5 18. Nd4 Bg6 19. h4 Nxd5 20. Nxd5 Qxd5 21. Bg2 Qc5 22. h5 Bf5 23. Nxf5 Qxf5 24. Bh3 Qc5 25. Bxc8 Qxc8 26. Qd7 1-0

[Event "Mecklenburg VP Verbandsliga 2223"]
[White "Schreiber, Felix"]
[Black "Von Alvensleben, Wolfram"]
[Site "Mecklenburg VP"]
[Round "5.1"]
[Result "1/2-1/2"]
[Date "2023.01.15"]
[WhiteElo "1987"]
[BlackElo "2243"]
[PlyCount "160"]
[EventDate "2022.10.23"]
[EventType "team-tourn"]
[EventRounds "9"]
[EventCountry "GER"]
[SourceTitle "EXT 2024"]
[Source "ChessBase"]
[SourceDate "2023.10.10"]
[SourceVersion "1"]
[SourceVersionDate "2023.10.10"]
[SourceQuality "1"]
[WhiteTeam "Mecklenburger Springer SC"]
[BlackTeam "Guestrow/Teterow"]
[WhiteTeamCountry "GER"]
[BlackTeamCountry "GER"]

1. d4 Nf6 2. Nf3 g6 3. c4 Bg7 4. Nc3 0-0 5. e4 d6 6. Be2 e5 7. Be3 exd4 8. Nxd4 Re8 9. f3 Nc6 10. 0-0 Nh5 11. f4 Nf6 12. Bf3 Bg4 13. e5 dxe5 14. Nxc6 Qxd1 15. Raxd1 Bxf3 16. Rxf3 bxc6 17. fxe5 Ng4 18. Bf4 Nxe5 19. Bxe5 Bxe5 20. Kf1 Rad8 21. h3 Bxc3 22. Rxd8 Rxd8 23. Rxc3 Rd2 24. Ra3 Rxb2 25. Rxa7 Rc2 26. Rxc7 Rxc4 27. a4 Rxa4 28. Rxc6 Ra2 29. Rc7 Kg7 30. Rb7 g5 31. Kg1 h5 32. g3 Ra1+ 33. Kg2 Ra2+ 34. Kg1 Kg6 35. Rb5 Ra1+ 36. Kg2 Ra2+ 37. Kg1 Rc2 38. Rb6+ f6 39. Rb4 Rc1+ 40. Kg2 Rc2+ 41. Kg1 Ra2 42. Rc4 Rb2 43. Ra4 Rb1+ 44. Kg2 Rb2+ 45. Kg1 Rc2 46. Rb4 Rc1+ 47. Kg2 Rc2+ 48. Kg1 Kf7 49. Rb7+ Kg6 50. Rb4 Re2 51. g4 hxg4 52. hxg4 Kf7 53. Kf1 Rd2 54. Re4 Rh2 55. Kg1 Rh4 56. Kf2 f5 57. Re5 Rxg4 58. Rxf5+ Kg6 59. Rf8 Ra4 60. Rb8 Kh5 61. Rb3 Kh4 62. Rb1 Ra2+ 63. Kg1 g4 64. Rc1 Ra3 65. Rb1 Kh3 66. Rc1 Ra2 67. Rb1 g3 68. Rc1 Rb2 69. Ra1 Rg2+ 70. Kh1 Re2 71. Kg1 Kg4 72. Ra4+ Kf3 73. Ra3+ Re3 74. Rxe3+ Kxe3 75. Kg2 Kf4 76. Kg1 Kg5 77. Kg2 Kg4 78. Kg1 Kh3 79. Kh1 g2+ 80. Kg1 Kg3 1/2-1/2

[Event "Neubrandenburg-chA"]
[White "Wolter, Guenter"]
[Black "Schreiber, Felix"]
[Site "Neubrandenburg"]
[Round "5"]
[Result "0-1"]
[Date "2022.04.11"]
[WhiteElo "1819"]
[BlackElo "1984"]
[PlyCount "68"]
[EventDate "2022.04.09"]
[EventType "swiss"]
[EventRounds "7"]
[EventCountry "GER"]
[SourceTitle "CBM 207 Extra"]
[Source "ChessBase"]
[SourceDate "2022.05.31"]
[SourceVersion "1"]
[SourceVersionDate "2022.05.31"]
[SourceQuality "1"]

1. e4 c5 2. Nc3 d6 3. g3 g6 4. Bg2 Bg7 5. d3 Nc6 6. f4 e6 7. Nf3 Nge7 8. 0-0 0-0 9. Be3 Rb8 10. Rb1 b5 11. Ne2 Qa5 12. a3 b4 13. axb4 Qxb4 14. c3 Qb6 15. Qd2 d5 16. e5 a5 17. d4 c4 18. Qc2 Bd7 19. g4 Qb3 20. Qxb3 cxb3 21. Ra1 Ra8 22. Ra3 a4 23. Rfa1 Na5 24. Nd2 Rab8 25. Nc1 Rfc8 26. Nd3 Nb7 27. Bf1 Bf8 28. Rc1 Ra8 29. Nb4 Nc6 30. Ba6 Bxb4 31. Bxb7 Bxa3 32. Bxc8 Bxb2 33. Rb1 Rxc8 34. Rxb2 Na5 0-1

[Event "Neubrandenburg-chA"]
[White "Schreiber, Felix"]
[Black "Knoop, Sascha"]
[Site "Neubrandenburg"]
[Round "2"]
[Result "1-0"]
[Date "2022.04.09"]
[WhiteElo "1984"]
[BlackElo "1830"]
[PlyCount "87"]
[EventDate "2022.04.09"]
[EventType "swiss"]
[EventRounds "7"]
[EventCountry "GER"]
[SourceTitle "CBM 207 Extra"]
[Source "ChessBase"]
[SourceDate "2022.05.31"]
[SourceVersion "1"]
[SourceVersionDate "2022.05.31"]
[SourceQuality "1"]

1. d4 Nf6 2. Nf3 g6 3. c4 Bg7 4. d5 d6 5. Nc3 0-0 6. e4 Nbd7 7. Be2 Nc5 8. Qc2 a5 9. 0-0 Ng4 10. Bd2 f5 11. Bd3 Nxd3 12. Qxd3 fxe4 13. Qxe4 Bf5 14. Qe2 Ne5 15. Nxe5 Bxe5 16. Bg5 Bf6 17. Bxf6 exf6 18. Rfe1 Re8 19. Qd2 Qd7 20. f3 g5 21. Rxe8+ Rxe8 22. Re1 Kf7 23. Nb5 Rxe1+ 24. Qxe1 b6 25. Nd4 Qc8 26. Kf2 Bd7 27. Qb1 Kg7 28. Qe4 Qf8 29. g4 Qf7 30. Ke3 h5 31. h3 hxg4 32. hxg4 Kf8 33. f4 gxf4+ 34. Kxf4 Qg7 35. Ne6+ Bxe6 36. Qxe6 Qe7 37. Qxe7+ Kxe7 38. Kf5 Kf7 39. a4 Kg7 40. Ke6 Kg6 41. Kd7 Kg5 42. Ke6 Kg6 43. b3 Kg5 44. Kf7 1-0

[Event "Mecklenburg VP LL2 West 2122"]
[White "Schreiber, Felix"]
[Black "Fleischer, Martin"]
[Site "Mecklenburg VP"]
[Round "8.2"]
[Result "1-0"]
[Date "2022.04.03"]
[WhiteElo "1984"]
[BlackElo "1824"]
[PlyCount "71"]
[EventDate "2021.10.24"]
[EventType "team-tourn"]
[EventRounds "9"]
[EventCountry "GER"]
[SourceTitle "EXT 2024"]
[Source "ChessBase"]
[SourceDate "2023.10.10"]
[SourceVersion "1"]
[SourceVersionDate "2023.10.10"]
[SourceQuality "1"]
[WhiteTeam "Mecklenburger Springer SC"]
[BlackTeam "Schwerin SV Einheit"]
[WhiteTeamCountry "GER"]
[BlackTeamCountry "GER"]

1. d4 e6 2. e3 b6 3. Nf3 Bb7 4. Bd3 Nf6 5. Nbd2 d5 6. b3 Nbd7 7. Bb2 Be7 8. 0-0 0-0 9. Ne5 Nxe5 10. dxe5 Ne4 11. Bxe4 dxe4 12. Qe2 c5 13. Rad1 Qc7 14. Qg4 Qc6 15. f3 exf3 16. gxf3 f5 17. exf6 Bxf6 18. Bxf6 Rxf6 19. Kh1 Raf8 20. e4 Rf4 21. Qg3 e5 22. Nc4 Qc7 23. Nd6 Ba6 24. c4 Bc8 25. Qg5 R4f6 26. Qxe5 Bg4 27. fxg4 Rxf1+ 28. Rxf1 Rxf1+ 29. Kg2 Rf8 30. Qd5+ Kh8 31. e5 Qe7 32. Kg3 h6 33. e6 Kg8 34. Nf5 Qc7+ 35. Qd6 Qxd6+ 36. Nxd6 1-0

[Event "Mecklenburg VP LL2 West 2122"]
[White "Stork, Michael"]
[Black "Schreiber, Felix"]
[Site "Mecklenburg VP"]
[Round "7.2"]
[Result "1/2-1/2"]
[Date "2022.03.20"]
[WhiteElo "1975"]
[BlackElo "1984"]
[PlyCount "123"]
[EventDate "2021.10.24"]
[EventType "team-tourn"]
[EventRounds "9"]
[EventCountry "GER"]
[SourceTitle "EXT 2024"]
[Source "ChessBase"]
[SourceDate "2023.10.10"]
[SourceVersion "1"]
[SourceVersionDate "2023.10.10"]
[SourceQuality "1"]
[WhiteTeam "Waren Malchow"]
[BlackTeam "Mecklenburger Springer SC"]
[WhiteTeamCountry "GER"]
[BlackTeamCountry "GER"]

1. Nf3 Nf6 2. c4 g6 3. Nc3 Bg7 4. e4 d6 5. d4 0-0 6. Be2 e5 7. 0-0 Nc6 8. d5 Ne7 9. b4 a5 10. Ba3 b6 11. bxa5 Rxa5 12. Bb4 Ra8 13. a4 Re8 14. a5 c5 15. dxc6 Nxc6 16. Bxd6 Nd4 17. Ba3 bxa5 18. Qd3 Bb7 19. Rab1 Qc7 20. Nxd4 exd4 21. Nd5 Bxd5 22. exd5 Ne4 23. Bf3 f5 24. g3 Rac8 25. Rbc1 Nc5 26. Qd1 Kf7 27. Rb1 Rb8 28. Qd2 Kg8 29. Rfe1 Rxe1+ 30. Qxe1 Rxb1 31. Qxb1 Bf8 32. Qe1 Nd3 33. Qe6+ Qf7 34. Qxf7+ Kxf7 35. d6 Nb4 36. c5 Ke6 37. Bb2 d3 38. Kf1 Bh6 39. Bb7 Kd7 40. Ke1 a4 41. f4 a3 42. Be5 a2 43. Kd2 g5 44. c6+ Nxc6 45. Bxc6+ Kxc6 46. fxg5 Bxg5+ 47. Kxd3 Kd5 48. Bb2 Kxd6 49. Kc4 Be3 50. Kd3 Bg1 51. h3 h5 52. Kc4 Bf2 53. Kb3 h4 54. gxh4 Be3 55. Kxa2 f4 56. Bc3 f3 57. Be1 Bd2 58. Bg3+ Kd5 59. Kb3 Ke4 60. Kc2 Ke3 61. Kd1 Kd3 62. Bf2 1/2-1/2

[Event "Mecklenburg VP LL2 West 2021"]
[White "Schamber, Dennis"]
[Black "Schreiber, Felix"]
[Site "Mecklenburg VP"]
[Round "1.1"]
[Result "1-0"]
[Date "2020.10.18"]
[WhiteElo "1714"]
[BlackElo "1984"]
[PlyCount "115"]
[EventDate "2020.10.18"]
[EventType "team-tourn"]
[EventRounds "9"]
[EventCountry "GER"]
[SourceTitle "EXT 2024"]
[Source "ChessBase"]
[SourceDate "2023.10.10"]
[SourceVersion "1"]
[SourceVersionDate "2023.10.10"]
[SourceQuality "1"]
[WhiteTeam "Rostock Makkabi"]
[BlackTeam "Mecklenburger Springer SC"]
[WhiteTeamCountry "GER"]
[BlackTeamCountry "GER"]

1. d4 d6 2. c4 Nf6 3. Nc3 g6 4. e4 Bg7 5. f3 0-0 6. Bg5 c5 7. d5 e6 8. Bd3 a6 9. Nge2 exd5 10. Nxd5 Be6 11. Nec3 Nc6 12. Qd2 Bxd5 13. Nxd5 h6 14. Bxh6 Nxe4 15. Bxe4 Qh4+ 16. g3 Qxh6 17. Nf6+ Kh8 18. Qxh6+ Bxh6 19. Bxc6 bxc6 20. Rd1 Rad8 21. Ne4 Rfe8 22. Kf1 Bf8 23. Nc3 f5 24. Kf2 Bg7 25. Rhe1 Bd4+ 26. Kg2 Kg7 27. h4 Kf7 28. g4 Rh8 29. Kg3 d5 30. cxd5 cxd5 31. Re2 Bf6 32. g5 d4 33. gxf6 dxc3 34. Rxd8 Rxd8 35. bxc3 Kxf6 36. Rb2 Rd6 37. Kf4 Re6 38. a4 Ke7 39. a5 Kd7 40. Rb7+ Kc8 41. Rg7 c4 42. Kg5 Re3 43. Rxg6 Rxc3 44. Rxa6 Kb7 45. Rb6+ Kc7 46. Rb4 Rxf3 47. Rxc4+ Kd6 48. Rf4 Rg3+ 49. Kxf5 Ra3 50. Kg6 Rxa5 51. h5 Ra1 52. h6 Rg1+ 53. Kf7 Rh1 54. Rf6+ Ke5 55. Kg7 Rh2 56. Rg6 Kf5 57. h7 Rh1 58. Rh6 1-0

[Event "Rostock SSC op 18th"]
[White "Wagner, Swenja"]
[Black "Schreiber, Felix"]
[Site "Rostock"]
[Round "6"]
[Result "0-1"]
[Date "2019.08.10"]
[WhiteElo "1746"]
[BlackElo "2001"]
[PlyCount "76"]
[EventDate "2019.08.07"]
[EventType "swiss"]
[EventRounds "7"]
[EventCountry "GER"]
[SourceTitle "EXT 2020"]
[Source "ChessBase"]
[SourceDate "2019.10.17"]
[SourceVersion "1"]
[SourceVersionDate "2019.10.17"]
[SourceQuality "1"]

1. e4 c5 2. Nf3 d6 3. d4 cxd4 4. Nxd4 Nf6 5. Nc3 a6 6. Bc4 e6 7. Bb3 Nbd7 8. Be3 Nc5 9. f3 Be7 10. Qd2 Bd7 11. h4 b5 12. g4 b4 13. Nce2 Ncxe4 14. fxe4 Nxe4 15. Qxb4 d5 16. Qb7 Nc5 17. Nc6 Nxb7 18. Nxd8 Nxd8 19. c3 Nc6 20. g5 Na5 21. Bd4 f6 22. Rf1 Nxb3 23. axb3 e5 24. Be3 f5 25. Ra5 Be6 26. Kf2 Bd8 27. Ra3 f4 28. Bd2 h6 29. Bxf4 exf4 30. Nxf4 0-0 31. Kg2 Bf5 32. gxh6 Be4+ 33. Kh3 Bc7 34. Kg4 gxh6 35. Raa1 Kh7 36. Rad1 Rg8+ 37. Kh3 Raf8 38. Nxd5 Bg2# 0-1

[Event "Rostock SSC op 18th"]
[White "Schreiber, Felix"]
[Black "Moritz, Egon"]
[Site "Rostock"]
[Round "5"]
[Result "1-0"]
[Date "2019.08.09"]
[WhiteElo "2001"]
[BlackElo "1734"]
[PlyCount "51"]
[EventDate "2019.08.07"]
[EventType "swiss"]
[EventRounds "7"]
[EventCountry "GER"]
[SourceTitle "EXT 2020"]
[Source "ChessBase"]
[SourceDate "2019.10.17"]
[SourceVersion "1"]
[SourceVersionDate "2019.10.17"]
[SourceQuality "1"]

1. d4 d5 2. e3 Nf6 3. Bd3 e6 4. Nf3 Nbd7 5. Nbd2 c5 6. b3 cxd4 7. exd4 Bd6 8. Bb2 0-0 9. 0-0 b6 10. Ne5 Qc7 11. f4 a5 12. a3 Ba6 13. c4 dxc4 14. bxc4 Rfd8 15. Rf3 Nh5 16. g4 Nxf4 17. Rxf4 f6 18. Qc2 fxe5 19. Bxh7+ Kh8 20. Rf3 Nf6 21. Rh3 g5 22. Be4+ Kg8 23. Bxa8 Rxa8 24. Ne4 Rf8 25. Nxd6 Qxd6 26. Qg6# 1-0

[Event "Mecklenburg VP LL2 West 1819"]
[White "Fleischer, Martin"]
[Black "Schreiber, Felix"]
[Site "Mecklenburg VP"]
[Round "1.1"]
[Result "0-1"]
[Date "2018.10.21"]
[WhiteElo "1930"]
[BlackElo "1990"]
[PlyCount "74"]
[EventDate "2018.10.21"]
[EventType "team-tourn"]
[EventRounds "9"]
[EventCountry "GER"]
[SourceTitle "EXT 2022"]
[Source "ChessBase"]
[SourceDate "2021.10.06"]
[SourceVersion "1"]
[SourceVersionDate "2021.10.06"]
[SourceQuality "1"]
[WhiteTeam "Schwerin SV Einheit"]
[BlackTeam "Mecklenburger Springer SC"]
[WhiteTeamCountry "GER"]
[BlackTeamCountry "GER"]

1. d4 d5 2. Nf3 Nf6 3. c4 e6 4. Nc3 c6 5. Bg5 Nbd7 6. e4 dxe4 7. Nxe4 h6 8. Nxf6+ Nxf6 9. Bxf6 Qxf6 10. a3 Bd6 11. Bd3 0-0 12. Qe2 c5 13. Qe4 g6 14. 0-0 cxd4 15. Rfe1 Rd8 16. b4 Kg7 17. h4 e5 18. g4 Bd7 19. b5 Re8 20. Kg2 Qe6 21. Nh2 b6 22. f3 f5 23. gxf5 gxf5 24. Qe2 Rg8 25. Kh1 Qf6 26. Qf2 Kf7 27. Be2 Rg7 28. a4 Rag8 29. Rg1 Rxg1+ 30. Rxg1 Rxg1+ 31. Qxg1 Qxh4 32. Kg2 e4 33. Nf1 e3 34. Bd1 Be6 35. Be2 Kf6 36. Bd3 Qe1 37. Nh2 Qd2+ 0-1

[Event "Rostock SSC op 17th"]
[White "Gazizov, Max"]
[Black "Schreiber, Felix"]
[Site "Rostock"]
[Round "7.12"]
[Result "0-1"]
[Date "2018.07.15"]
[WhiteElo "1571"]
[BlackElo "1968"]
[PlyCount "100"]
[EventDate "2018.07.11"]
[EventType "swiss"]
[EventRounds "7"]
[EventCountry "GER"]
[SourceTitle "EXT 2019"]
[Source "ChessBase"]
[SourceDate "2018.10.10"]
[SourceVersion "1"]
[SourceVersionDate "2018.10.10"]
[SourceQuality "1"]

1. d4 g6 2. c4 Bg7 3. Nc3 d6 4. e4 Nd7 5. Nf3 e5 6. Bg5 f6 7. Bh4 g5 8. Bg3 h5 9. h3 c6 10. d5 c5 11. Be2 a6 12. 0-0 h4 13. Bh2 Nf8 14. Ne1 Ng6 15. Nd3 N8e7 16. b4 cxb4 17. Qa4+ Kf7 18. Qxb4 Nf4 19. Bxf4 gxf4 20. c5 dxc5 21. Nxc5 b6 22. Ne6 Bxe6 23. dxe6+ Kg6 24. Rfd1 Nc6 25. Rxd8 Nxb4 26. Rxh8 Bxh8 27. Rd1 f5 28. exf5+ Kxf5 29. a3 Nc6 30. Bg4+ Kg6 31. Bf3 Rc8 32. Bxc6 Rxc6 33. e7 Kf7 34. Rd8 Kxe7 35. Rxh8 Rxc3 36. Kf1 Rxa3 37. Ke2 Ra2+ 38. Kf3 b5 39. Rxh4 b4 40. Rh6 b3 41. Rb6 b2 42. Ke4 a5 43. h4 Ra4+ 44. Kd3 e4+ 45. Kc3 Rb4 46. Rxb4 axb4+ 47. Kxb2 e3 48. fxe3 fxe3 49. Kc2 b3+ 50. Kd3 b2 0-1

[Event "Mecklenburg VP LL2 West 1718"]
[White "Borchert, Chris"]
[Black "Schreiber, Felix"]
[Site "Mecklenburg VP"]
[Round "4.1"]
[Result "1-0"]
[Date "2017.12.10"]
[WhiteElo "2143"]
[BlackElo "1917"]
[PlyCount "115"]
[EventDate "2017.10.08"]
[EventType "team-tourn"]
[EventRounds "9"]
[EventCountry "GER"]
[SourceTitle "EXT 2022"]
[Source "ChessBase"]
[SourceDate "2021.10.06"]
[SourceVersion "1"]
[SourceVersionDate "2021.10.06"]
[SourceQuality "1"]
[WhiteTeam "Wismar ASV Gruen-Weiss II"]
[BlackTeam "Mecklenburger Springer SC"]
[WhiteTeamCountry "GER"]
[BlackTeamCountry "GER"]

1. d4 d5 2. Bg5 Nf6 3. Nd2 Nbd7 4. e3 e6 5. Bd3 Be7 6. Ngf3 c5 7. c3 Qb6 8. Rb1 Bd6 9. 0-0 0-0 10. c4 cxd4 11. exd4 dxc4 12. Nxc4 Qc7 13. Rc1 Bf4 14. Ne3 Qb8 15. Qc2 Bxg5 16. Nxg5 h6 17. Ne4 Nxe4 18. Bxe4 Nf6 19. Bf3 Rd8 20. Rfd1 Bd7 21. d5 e5 22. Nf5 Bxf5 23. Qxf5 Qd6 24. a3 Re8 25. Rc4 g6 26. Qc2 Nd7 27. Qd2 Kg7 28. Rh4 g5 29. Rb4 Rab8 30. h4 f6 31. Qc2 Rf8 32. Qf5 Rh8 33. Bh5 Nf8 34. Rc4 Rh7 35. Rdc1 Kg8 36. Rc8 Rxc8 37. Rxc8 Qd7 38. Bg4 Qe7 39. d6 Qxd6 40. Be2 Rg7 41. h5 Rc7 42. Qg6+ Rg7 43. Qxh6 Kf7 44. Bc4+ Ne6 45. Bxe6+ Kxe6 46. Qxg7 Qd1+ 47. Kh2 Qxh5+ 48. Kg3 Qh4+ 49. Kf3 Qf4+ 50. Ke2 Qe4+ 51. Kd2 Qf4+ 52. Kd1 Qd4+ 53. Kc1 Qxf2 54. Qxb7 Qe1+ 55. Kc2 Qe2+ 56. Kb1 e4 57. Rc5 Qd3+ 58. Ka2 1-0

[Event "Rostock SSC op 16th"]
[White "Schreiber, Felix"]
[Black "Skibbe, Willi"]
[Site "Rostock"]
[Round "6"]
[Result "1/2-1/2"]
[Date "2017.07.29"]
[WhiteElo "1917"]
[BlackElo "2303"]
[PlyCount "52"]
[EventDate "2017.07.26"]
[EventType "swiss"]
[EventRounds "7"]
[EventCountry "GER"]
[SourceTitle "EXT 2018"]
[Source "ChessBase"]
[SourceDate "2017.10.13"]
[SourceVersion "1"]
[SourceVersionDate "2017.10.13"]
[SourceQuality "1"]

1. d4 f5 2. e4 fxe4 3. Nc3 Nf6 4. Bg5 b6 5. Bxf6 exf6 6. Nxe4 Qe7 7. Qe2 Ba6 8. Qe3 Bb7 9. Nd2 Qxe3+ 10. fxe3 g6 11. e4 Bh6 12. Ngf3 Nc6 13. c3 0-0-0 14. 0-0-0 Rde8 15. Bd3 Nd8 16. Kb1 Ne6 17. g3 f5 18. Rhe1 fxe4 19. Bxe4 Ba6 20. Kc2 Rhf8 21. h4 Re7 22. Bd3 Bb7 23. Be4 Bxe4+ 24. Rxe4 Ref7 25. Ne5 Rf2 26. Ng4 Rxd2+ 1/2-1/2

[Event "Rostock SSC op 16th"]
[White "Schneider, Christian"]
[Black "Schreiber, Felix"]
[Site "Rostock"]
[Round "5"]
[Result "1/2-1/2"]
[Date "2017.07.28"]
[WhiteElo "2215"]
[BlackElo "1917"]
[PlyCount "77"]
[EventDate "2017.07.26"]
[EventType "swiss"]
[EventRounds "7"]
[EventCountry "GER"]
[SourceTitle "EXT 2018"]
[Source "ChessBase"]
[SourceDate "2017.10.13"]
[SourceVersion "1"]
[SourceVersionDate "2017.10.13"]
[SourceQuality "1"]

1. c4 c5 2. g3 g6 3. Bg2 Bg7 4. Nc3 Nc6 5. Nf3 Nf6 6. d4 cxd4 7. Nxd4 0-0 8. 0-0 Nxd4 9. Qxd4 d6 10. Rd1 a6 11. Qd2 Qc7 12. b3 Bd7 13. Bb2 Rac8 14. Rac1 Bc6 15. Nd5 Bxd5 16. cxd5 Qd7 17. e4 Rxc1 18. Rxc1 Rc8 19. f4 Rxc1+ 20. Qxc1 Ne8 21. Bxg7 Kxg7 22. Kf2 Qc7 23. Qxc7 Nxc7 24. Ke3 a5 25. Bf1 b6 26. g4 Kf8 27. g5 Kg8 28. h4 Kf8 29. Be2 Kg7 30. Kd4 h6 31. Bd3 hxg5 32. hxg5 Kf8 33. e5 Kg8 34. a4 Kf8 35. Bc4 Ke8 36. Ke4 Kf8 37. f5 gxf5+ 38. Kxf5 Kg7 39. Kf4 1/2-1/2

[Event "Rostock SSC op 16th"]
[White "Schreiber, Felix"]
[Black "Leisner, Hannes"]
[Site "Rostock"]
[Round "3"]
[Result "1/2-1/2"]
[Date "2017.07.27"]
[WhiteElo "1917"]
[BlackElo "2256"]
[PlyCount "120"]
[EventDate "2017.07.26"]
[EventType "swiss"]
[EventRounds "7"]
[EventCountry "GER"]
[SourceTitle "EXT 2018"]
[Source "ChessBase"]
[SourceDate "2017.10.13"]
[SourceVersion "1"]
[SourceVersionDate "2017.10.13"]
[SourceQuality "1"]

1. d4 Nf6 2. Nf3 g6 3. c4 d6 4. Nc3 Bf5 5. Nh4 Bd7 6. e4 e5 7. Nf3 exd4 8. Nxd4 Bg7 9. Be2 0-0 10. 0-0 Re8 11. f3 Nc6 12. Be3 Nh5 13. f4 Nf6 14. Bf3 Na5 15. Qe2 c5 16. Nc2 Bc6 17. Qd3 Qe7 18. Rad1 Nxe4 19. Nxe4 Bxe4 20. Bxe4 Qxe4 21. b3 Rad8 22. Qxe4 Rxe4 23. Bxc5 Nxc4 24. Bxa7 Ra8 25. Bf2 Rxa2 26. bxc4 Rxc2 27. Rxd6 Rcxc4 28. Bb6 Bd4+ 29. Bxd4 Rcxd4 30. Rxd4 Rxd4 31. Rb1 Rd7 32. Kf2 Kf8 33. Kf3 Ke7 34. Ke4 Kd6 35. Rd1+ Kc6 36. Rc1+ Kb6 37. Rb1+ Kc7 38. Rc1+ Kb8 39. Rb1 Rd2 40. Kf3 Rc2 41. Re1 Rc5 42. g4 h5 43. gxh5 Rxh5 44. Re7 Rf5 45. Kg4 b5 46. h4 b4 47. Re3 Rb5 48. Rb3 Kc7 49. f5 Kd6 50. fxg6 fxg6 51. Rb1 b3 52. Rb2 Kc6 53. Kf4 Kb6 54. Ke3 Ka5 55. Kd2 Kb4 56. Kc1 Rh5 57. Rg2 Rc5+ 58. Kb2 Rc2+ 59. Rxc2 bxc2 60. Kxc2 Kc4 1/2-1/2

[Event "Mecklenburg VP LL2 West 1617"]
[White "Schreiber, Felix"]
[Black "Meier, Klaus"]
[Site "Mecklenburg VP"]
[Round "8.1"]
[Result "1-0"]
[Date "2017.04.02"]
[WhiteElo "1917"]
[BlackElo "1990"]
[PlyCount "52"]
[EventDate "2016.10.16"]
[EventType "team-tourn"]
[EventRounds "9"]
[EventCountry "GER"]
[SourceTitle "EXT 2022"]
[Source "ChessBase"]
[SourceDate "2021.10.06"]
[SourceVersion "1"]
[SourceVersionDate "2021.10.06"]
[SourceQuality "1"]
[WhiteTeam "Mecklenburger Springer SC"]
[BlackTeam "Ludwigslust VT 2000 II"]
[WhiteTeamCountry "GER"]
[BlackTeamCountry "GER"]

1. d4 d5 2. c4 c6 3. Nf3 Nf6 4. Nc3 e6 5. e3 Nbd7 6. Bd3 Bb4 7. Bd2 0-0 8. Qc2 Re8 9. 0-0 e5 10. dxe5 Nxe5 11. Nxe5 Rxe5 12. a3 Bd6 13. f4 Rh5 14. Be2 Rh6 15. Be1 Bg4 16. Qd1 Bxe2 17. Qxe2 dxc4 18. Rd1 Qe7 19. Qf3 Bc5 20. Bf2 Re8 21. Rfe1 Qe6 22. h3 Kf8 23. g4 Ne4 24. f5 Qe5 25. g5 Nxg5 26. Qg3 Nxh3+ 1-0

[Event "Mecklenburg VP-ch MT"]
[White "Schreiber, Felix"]
[Black "Kliewe, Hans Juergen"]
[Site "Greifswald"]
[Round "4.5"]
[Result "1/2-1/2"]
[Date "2016.04.29"]
[WhiteElo "1937"]
[BlackElo "2032"]
[PlyCount "116"]
[EventDate "2016.04.28"]
[EventType "swiss"]
[EventRounds "7"]
[EventCountry "GER"]
[SourceTitle "EXT 2023"]
[Source "ChessBase"]
[SourceDate "2022.10.05"]
[SourceVersion "1"]
[SourceVersionDate "2022.10.05"]
[SourceQuality "1"]

1. d4 d5 2. Nf3 Bf5 3. e3 e6 4. c4 c6 5. Nc3 Nf6 6. Be2 h6 7. Qb3 Qc7 8. Ne5 Nbd7 9. f4 Be7 10. Bd2 Ne4 11. Rc1 Nxe5 12. fxe5 Qb6 13. c5 Qxb3 14. axb3 0-0 15. Nxe4 Bxe4 16. Bf3 Bd3 17. Be2 Bxe2 18. Kxe2 f6 19. exf6 Rxf6 20. Rhf1 Raf8 21. b4 a6 22. Rxf6 Bxf6 23. Rf1 Re8 24. Kd3 e5 25. g3 Re7 26. Rf5 exd4 27. exd4 Kh7 28. h3 Re6 29. Rf1 Re4 30. Be3 Kg6 31. Rf2 Re7 32. Rf1 h5 33. Rf2 Re6 34. Rf1 Be7 35. Rf3 Rf6 36. Ke2 Bd8 37. Rxf6+ Kxf6 38. Kf3 Kf5 39. g4+ hxg4+ 40. hxg4+ Kf6 41. Kg3 Kg6 42. Bd2 Be7 43. Bc1 Bd8 44. Bd2 b6 45. Kh3 bxc5 46. bxc5 Be7 47. Kg3 Bd8 48. Kh3 Bf6 49. Be3 a5 50. b3 Bg5 51. Bxg5 Kxg5 52. Kg3 g6 53. Kf3 Kf6 54. Kf4 g5+ 55. Ke3 Ke6 56. Kd3 Kd7 57. Kc3 Kc7 58. b4 axb4+ 1/2-1/2